Comprender y transformar la enseñanza
保存先:
| 第一著者: | |
|---|---|
| その他の著者: | |
| フォーマット: | 図書 |
| 言語: | スペイン語 |
| 出版事項: |
Madrid, España
Morata
1992
|
| シリーズ: | Colección Pedagogía. Manuales
|
| 主題: | |
| タグ: |
タグ追加
タグなし, このレコードへの初めてのタグを付けませんか!
|
MARC
| LEADER | 00000cam a2200000 a 4500 | ||
|---|---|---|---|
| 001 | UCU2929 | ||
| 003 | CL-VaPUC | ||
| 005 | 20230705115623.0 | ||
| 008 | 960502e19920000SP |||||||||||||||||spa|d | ||
| 999 | |c 247090 |d 247088 | ||
| 020 | |a 8471123738 | ||
| 040 | |c Pontificia Universidad Católica de Valparaíso | ||
| 082 | 0 | 4 | |a 370 GIM 1992 |2 21 |
| 100 | |a Gimeno Sacristán, José |e autor |9 814227 | ||
| 245 | 1 | 0 | |a Comprender y transformar la enseñanza |
| 260 | |a Madrid, España |b Morata |c 1992 | ||
| 300 | |a 447 páginas | ||
| 490 | 0 | |a Colección Pedagogía. Manuales | |
| 583 | |a last modification |c 20150914 10:31:24 |k Rodrigo Vera | ||
| 650 | 0 | |a Sociología de la educación |9 260380 | |
| 650 | 0 | |a Psicología del aprendizaje |9 306854 | |
| 650 | 0 | |a Investigación educacional |9 261192 | |
| 650 | 0 | |a Currículo |x FILOSOFIA DE LA EDUCACION |9 307290 | |
| 650 | 0 | |a Evaluación de la educación |9 237505 | |
| 700 | 0 | |a Pérez Gómez, Angel Ignacio |9 359513 | |
| 942 | |c BK |2 ddc | ||
| 945 | |d 19960502 00:00:00 |a mcarcey | ||
| 952 | |0 0 |1 0 |2 ddc |4 0 |6 370_000000000000000_GIM_1992 |7 0 |8 A |9 262684 |a BIBEDU |b BIBEDU |d 2019-11-19 |i 3196046 |o 370 GIM 1992 |p 3196046 |r 2019-11-19 |t 1 |w 2019-11-19 |y BK |k EDU | ||
| 952 | |0 0 |1 0 |2 ddc |4 0 |6 370_000000000000000_GIM_1992 |7 0 |8 A |9 262685 |a BIBEDU |b BIBEDU |d 2019-11-19 |i 4191455 |o 370 GIM 1992 |p 4191455 |r 2019-11-19 |t 2 |w 2019-11-19 |y BK |k EDU | ||
| 952 | |0 0 |1 0 |2 ddc |4 0 |6 370_000000000000000_GIM_1992 |7 0 |8 A |9 262686 |a BIBEDU |b BIBEDU |d 2019-11-19 |i 4264932 |o 370 GIM 1992 |p 4264932 |r 2019-11-19 |t 3 |w 2019-11-19 |y BK |k EBA | ||
| 952 | |0 0 |1 0 |2 ddc |3 erb |4 0 |6 370_000000000000000_GIM_1992 |7 0 |8 A |9 262687 |a BIBEDU |b BIBEDU |i 5199875 |o 370 GIM 1992 |p 5199875 |r 2019-11-19 |t 4 |w 2019-11-19 |y BK |z Catalogado en:20150928 |k EFI | ||
| 952 | |0 0 |1 0 |2 ddc |3 erb |4 0 |6 370_000000000000000_GIM_1992 |7 0 |8 A |9 262688 |a BIBEDU |b BIBEDU |i 5199883 |o 370 GIM 1992 |p 5199883 |r 2019-11-19 |t 5 |w 2019-11-19 |y BK |z Catalogado en:20150928 |k EFI | ||
| 952 | |0 0 |1 0 |2 ddc |4 0 |6 370_000000000000000_GIM_1992 |7 0 |8 A |9 562193 |a BIBEDU |b BIBEDU |d 2020-03-30 |i 5618363 |o 370 GIM 1992 |p 5618363 |r 2020-03-30 |t 6 |w 2020-03-30 |y BK |k EPE | ||